| 000 | 00000nas 2200000zi 4500 |
| 001 | 9.918838 |
| 003 | CaOODSP |
| 005 | 20230928150554 |
| 006 | m o d f |
| 007 | cr cn||||||||| |
| 008 | 230105c20229999onc|| m o||||f0 |0||||d |
| 040 | |aCaOODSP|bfre|erda|cCaOODSP |
| 041 | 7|apqm|2iso639-3 |
| 043 | |an-cn--- |
| 086 | 1 |aYC25-0Pqm-PDF |
| 110 | 1 |aCanada. |bParlement. |bSénat. |bComité permanent des pêches et des océans, |eauteur, |eorganisme de publication. |
| 245 | 10|a[Rapport du Comité sénatorial permanent des pêches et océans]. |
| 264 | 1|a[Ottawa] : |b[Sénat du Canada], |c2022- |
| 310 | |aIrrégulier |
| 336 | |atexte|btxt|2rdacontent/fre |
| 337 | |ainformatique|bc|2rdamedia/fre |
| 338 | |aressource en ligne|bcr|2rdacarrier/fre |
| 362 | 1 |aParaît depuis : [44e législature, 1re session, 4e rapport]. |
| 500 | |aPublié aussi en français sous le titre : Rapport du Comité sénatorial permanent des pêches et océans. |
| 546 | |aTexte en malécite. |
| 650 | 6|aPêches|xPolitique gouvernementale|zCanada. |
| 775 | 08|tRapport du Comité sénatorial permanent des pêches et océans |w(CaOODSP)9.502204 |
| 788 | |t[Report of the Standing Senate Committee on Fisheries and Oceans].|eeng|w(CaOODSP)9.918839 |